| 000 | 00506nam a2200169 a 4500 | ||
|---|---|---|---|
| 001 | 000040914 | ||
| 005 | 20201002034455.0 | ||
| 008 | 130911s1999 ck 000 0 spa d | ||
| 020 | _a9580430500 | ||
| 040 |
_aDO-SdBNP _bspa _cBNPHU |
||
| 082 |
_axxxx _bxxxx |
||
| 110 | 2 |
_aNorma (grupo editorial) _967346 |
|
| 245 | 1 | 0 | _aDiccionario de sinónimos y antónimos. |
| 260 |
_aBogotá, Colombia : _bNorma, _c1999. |
||
| 300 |
_a338 p. ; _c19 cm. |
||
| 500 | _aLa biblioteca posee la segunda reimpresión del 2000 | ||
| 999 |
_c40404 _d40404 |
||